| 000 | 00651na a2200217 4500 | ||
|---|---|---|---|
| 001 | 24122 | ||
| 003 | MIRAKIL | ||
| 005 | 20181213155330.0 | ||
| 008 | 180531b tu 000 0 | ||
| 020 | _a9786059210010 | ||
| 040 |
_aMilas _btur _cTR-AnCHP |
||
| 041 | _atur | ||
| 082 |
_a891.7344 _bV27k 2015 |
||
| 090 | _a 891.7344 V27k 2015 | ||
| 100 | _a Vasileva, Larisa Nikolayevna | ||
| 245 |
_aKremlin kadınları _cLarisa Nikolayevna Vasileva ; çev. Fatma Arıkan, Serdar Arıkan |
||
| 260 |
_aİstanbul _bEton yayıncılık _c2015 _fİmak Ofset |
||
| 300 |
_a390 s. _bfotğ. _c21 sm. |
||
| 650 |
_aRus Edebiyatı _xRoman |
||
| 942 |
_2ddc _cBKS |
||
| 999 |
_c10682 _d10682 |
||